00825nam a2200241 a 450000500170000000800410001704000250005804100080008304400070009109000130009810000360011124501020014726000550024930000110030465000290031565000170034465000160036165000280037766200130040594200130041899900130043195201390044420191224041537.0140221b1985 ck |||||rm||| 00| 0 spa d aCO-BoIAVHcCO-BoIAVH aspa ack aTEb0031 aAramburo Penagos, Jaime Eduardo aCrecimiento del Abarco (Cariniana pyriformis Miers) en dos zonas tropicales húmedas de Colombia aMedellínbUniversidad Nacional de Colombiac1985 a178 p. aBosque húmedo tropical aSilvicultura aFenología aPlantaciones forestales aColombia cTESIS2z c633d633 00102z40708TESISIINV2017aBogotabBogotad1998-01-06l0oTE-0031p000901r2012-12-04 00:00:00tEj. 1w2012-12-04xDonacionyTESIS